Detalles MARC
| 000 -CABECERA |
| fixed length control field |
01655aam a2200361 a 4500 |
| 003 - CONTROL NUMBER IDENTIFIER |
| control field |
AR-BeUNQ |
| 005 - FECHA Y HORA DE LA ULTIMA TRANSACCION |
| control field |
20251127133710.0 |
| 007 - CAMPO FIJO DE DESCRIPCION FIJA - INFORMACION GENERAL |
| fixed length control field |
ta |
| 008 - ELEMENTOS DE LONGITUD FIJA-INFORMACION GENERAL |
| fixed length control field |
240927s2013 ag j 001 d spa |
| 015 ## - NATIONAL BIBLIOGRAPHY NUMBER |
| National bibliography number |
AR-2013 |
| 020 ## - NUMERO INTERNACIONAL NORMALIZADO PARA LIBROS |
| Número Internacional Normalizado del libro |
9789500115629 |
| 040 ## - FUENTE DE CATALOGACION |
| Agencia de catalogación original |
AR-BaBN |
| Idioma de catalogación |
ESPAÑOL |
| Agencia que realiza la transcripción |
AR-BaBN |
| Convenciones de la descripción |
aacr |
| Agencia que realiza la modificación |
AR-BeUNQ |
| 044 ## - COUNTRY OF PUBLISHING/PRODUCING ENTITY CODE |
| MARC country code |
ag |
| ISO country code |
ar-c |
| 082 04 - NUMERO DE CLASIFICACION DECIMAL DEWEYMBER |
| Número de clasificación |
U863 |
| Número de la edición |
21 |
| 100 1# - ASIENTO PRINCIPAL-NOMBRE PERSONAL |
| Nombre personal |
Langsner, Jacobo, |
| Fecha asociada al nombre |
1927-2020 |
| 245 10 - MENCION DE TITULO |
| Título |
Esperando la carroza : |
| Otra información sobre el título |
Obra en dos actos / |
| Mención de responsabilidad, etc |
Jacobo Langsner. |
| Medio físico |
Libro. |
| 250 ## - MENCION DE EDICION |
| Mención de edición |
3a ed. |
| 260 ## - PUBLICACION, DISTRIBUCION, ETC. |
| Lugar de publicación, distribución, etc. |
Buenos Aires : |
| Nombre del editor, distribuidor, etc. |
Estrada, |
| Fecha de publicación, distribución, etc |
2013. |
| 300 ## - DESCRIPCION FISICA |
| Extensión |
142 p. ; |
| Dimensiones |
19 cm. |
| 490 1# - MENCION DE SERIE |
| Mención de serie |
Azulejos. Serie Roja |
| Designación numérica/secuencial del volumen |
38 |
| 500 ## - NOTA GENERAL |
| Nota general |
Ilustración de tapa: Paula Adamo. |
| 520 3# - NOTA DE RESUMEN, ETC |
| Nota de resumen, etc. |
Esta obra de Jacobo Langsner, increíblemente divertida, nos permite reflexionar sobre los problemas que se plantean entre los seres humanos cuando se dejan dominar por la hipocresía y el egoísmo. Una emblemática caricatura de la clase media y los modos de vivir en la sociedad contemporánea. |
| Assigning source |
(Descripción del editor). |
| 655 #4 - TERMINO DE INDIZACION - GENERO/FORMA |
| Datos o término principal de género/forma |
Teatro |
| 700 1# - ASIENTO SECUNDARIO - NOMBRE DE PERSONA |
| Personal name |
Adamo, Paula |
| Relator term |
il. |
| 830 #0 - ASIENTO SECUNDARIO DE SERIE--TITULO UNIFORME |
| Título uniforme |
Azulejos (Estrada). |
| Name of part/section of a work |
Serie Roja |
| Designación numérica/secuencial del volumen |
38 |
| 929 ## - DATOS DE ADQUISICION |
| Procedencia |
COMPRA |
| Proveedor |
Ciencia y Técnica |
| Orden de compra |
Compra 2023 Exp. 827-2000/2023 |
| Precio |
6500 |
| Fecha de recibido |
20240116 |
| Patrimonio UNQ |
PAT0081277 |
| Es copia |
1 |
| Número de inventario |
62609 |
| 929 ## - DATOS DE ADQUISICION |
| Procedencia |
DONACION |
| Proveedor |
Biblioteca Manuel Belgrano |
| Orden de compra |
0 |
| Precio |
0 |
| Fecha de recibido |
2019 |
| Patrimonio UNQ |
PAT0083029 |
| Es copia |
5 |
| Número de inventario |
60347 |
| 929 ## - DATOS DE ADQUISICION |
| Procedencia |
COMPRA |
| Proveedor |
Ciencia y Técnica |
| Orden de compra |
Compra 2023 Exp. 827-2000/2023 |
| Precio |
6500 |
| Fecha de recibido |
20240116 |
| Patrimonio UNQ |
PAT0081278 |
| Es copia |
2 |
| Número de inventario |
62610 |
| 929 ## - DATOS DE ADQUISICION |
| Procedencia |
COMPRA |
| Proveedor |
Ciencia y Técnica |
| Orden de compra |
Compra 2023 Exp. 827-2000/2023 |
| Precio |
6500 |
| Fecha de recibido |
20240116 |
| Patrimonio UNQ |
PAT0081279 |
| Es copia |
3 |
| Número de inventario |
62611 |
| 929 ## - DATOS DE ADQUISICION |
| Procedencia |
DONACION |
| Proveedor |
EEE N°15 |
| Fecha de recibido |
2017 |
| Patrimonio UNQ |
PAT0082711 |
| Es copia |
4 |
| Número de inventario |
62793 |
| 942 ## - ELEMENTOS DE PUNTO DE ACCESO ADICIONAL (KOHA) |
| Tipo de ítem Koha |
Libros |